Ypsilon 3 slovenský jazyk pre 3. ročník základnej školy s vyučovacím jazykom maďarským I. časť Učebnica

Bibliographic Details
Main Authors: Halászová, Anita, 1966- (Author), Kovácsová, Zuzana (Author)
Other Authors: Balázsi, Géza (Illustrator), Székely, Katarína (Illustrator)
Format: Book
Language:Slovak
PhysicalDescription:58 s. fareb. ilustr. a fotogr., noty 25 cm
Published: Bratislava Terra [2010]
ISBN:9788080980658
Edition:[1. vyd.]
Subjects:

MARC

LEADER 00000nam a2200000 a 4500
001 vtls010186382
003 SK-MaSNL
005 20260301213140.0
008 240318s2010 xo oal b p 000 0 slo
015 |a SNBA2011/01-00475 
020 |a 9788080980658  |q (brož.)  |z 97880980658 
035 |a 4E9853F0-AC08-4ABE-9932-A84BEE5E7327 
035 |a urn:nbn:sk:snk-amkb4z 
035 |a urn:nbn:sk:snk-am003x60 
040 |a SNK  |b slo  |c SNK  |e AACR2 
041 0 |a slo 
044 |a xo  |c SK 
072 7 |a 811.162.4  |x Slovenčina  |2 konspekt 
080 |a 811.162.4  |2 2001 
080 |a (075.2)  |2 2001 
100 1 |a Halászová, Anita,  |d 1966-  |4 aut  |9 217230 
245 1 0 |a Ypsilon 3  |b slovenský jazyk pre 3. ročník základnej školy s vyučovacím jazykom maďarským  |n I. časť  |p Učebnica  |c [Anita Halászová, Zuzana Kovácsová ; ilustrovali: Géza Balázsi, Katarína Székely] 
246 3 0 |a Učebnica 
246 3 0 |a Slovenský jazyk pre 3. ročník základnej školy s vyučovacím jazykom maďarským 
250 |a [1. vyd.] 
260 |a Bratislava  |b Terra  |c [2010] 
300 |a 58 s.  |b fareb. ilustr. a fotogr., noty  |c 25 cm 
650 0 7 |a slovenčina  |2 SNKPH  |9 1350 
650 0 7 |a Slovak language  |2 SNKPHeng  |9 266031 
655 7 |a učebnice základných škôl  |2 SNKPH  |9 70187 
655 7 |a Textbooks (elementary)  |2 SNKPHeng  |9 276977 
700 1 |a Kovácsová, Zuzana  |4 aut  |9 44953 
700 1 |a Balázsi, Géza  |4 ill  |9 302181 
700 1 |a Székely, Katarína  |4 ill  |9 477139 
919 |a 978-80-8098-065-8 
968 |d 37 
999 |c 920638  |d 922568 
952 |a SNK  |b SNK  |y PREZ  |7 0  |p 17A0678182  |o snkSC 142683/1  |i snk2010/24321  |8 0  |0 0  |1 0  |4 0  |d 2010-11-05  |l 0  |r 2025-07-10 00:00:00  |w 2026-02-24 
952 |a SNK  |b SNK  |y VYP  |7 0  |p 17A0678185  |o snkSC 142683/1 D1  |i snk2010/24322  |8 0  |0 0  |1 0  |4 0  |d 2010-11-05  |f 1  |l 0  |r 2026-02-24 08:14:07  |w 2026-02-24